000 00471nam a2200181Ia 4500
001 24803
008 140411s9999 xx 000 0 und d
020 _a0-273-62129-7
040 _cPK-LaUMT
082 _a 305.894
_bEVA-A
100 _aJohn Evans-Pritchard
245 _aAdvanced GNVQ living and working in Europe
_cJohn Evans-Pritchard
260 _aLondon,UK:
_bPitman Publishing,
_c1997
300 _a273 p.
546 _aEN
650 _aEthnology
942 _cBK
999 _c24992
_d24992